| 000 | 01392nam a2200265Ia 4500 | ||
|---|---|---|---|
| 999 |
_c55812 _d55812 |
||
| 001 | 22909 | ||
| 003 | GE_BSU | ||
| 005 | 20230601113510.0 | ||
| 008 | 181216s ||||ge |||||||||||||| ||geo|| | ||
| 040 | _cGE_BSU | ||
| 041 | _ageo | ||
| 080 | _a821.353.1(092)(060.55) კ-49 | ||
| 100 |
_aკიკნაძე, გრიგოლ _915204 |
||
| 245 |
_aვაჟა-ფშაველას შემოქმედება [1861-1915] / _c გრიგოლ კიკნაძე ; რედ. პროფ. ზურაბ ჭუმბურიძე ; მხატვ. ო. ვარვარიძე. |
||
| 264 |
_aთბილისი : _bთბილ. უნ-ტის გამ-ბა, _c1989. |
||
| 300 |
_a340 გვ. : _c22 სმ. ; _e1 ფოტო პორტ. |
||
| 541 | _h3ლ. | ||
| 653 | _aვაჟა-ფშაველას შემოქმედება [1861-1915] | ||
| 653 | _aლიტერატურათმცოდნეობა და კრიტიკა | ||
| 653 | _aმასალები ვაჟა-ფშაველას შემოქმედებაზე | ||
| 653 | _aქართული ლიტერატურა | ||
| 700 |
_aჭუმბურიძე, ზურაბ _eრედაქტორი _98055 |
||
| 700 |
_aვარვარიძე, ო. _eმხატვარი _918384 |
||
| 942 |
_cBK _2udc |
||